00629cam a22002411 4500001001300000003000400013005001700017008004100034010001700075025002000092035002000112040002100132042001200153050001500165100002900180245003900209260001100248300003500259500001600294504003000310650003000340999001700370sa 65003292 DLC20260227112122.0940930s1964 ii ac b 000 0 maro  asa 65003292  aPL480:I-Mar-825 a(OCoLC)31205683 aDLCcCUdCUdDLC apremarc00aQB44b.S171 aSahasrabuddhe, Vasant D.10aGrahagolāñcyā navalakathā. c[1964] a172 p.billus., ports.c24 cm. aIn Marathi. aBibliography: p. 155-165. 0aAstronomyxPopular works. c63068d63068